000 00614nam a2200229 i 4500
001 bg
100 1 _aSEDRICKS, A. John
245 1 0 _aCorrosion of steinless steels /
_cA. John Sedriks.
250 _a2nd ed.
260 _aNew York [et al.] :
_bJohn Wiley,
_ccop. 1996.
300 _aXVIII, 437 s. :
_brys., wykr. ;
_c25 cm.
504 _aBibliogr. przy rozdz.
650 9 _aKorozja i erozja
_xzagadnienia
650 9 _aStal
020 _a0471007927
040 _cBPK
041 0 _aen
080 _a669.10:620.193
920 _a0-471-00792-7
942 _cKS
008 s pl f |000 0 pol
999 _c31413
_d31413
856 _uhttp://koha.tu.koszalin.pl/cgi-bin/koha/opac-detail.pl?biblionumber=31413
_yKatalog online BPK